[Event "CYCC U08"]
[Site "Sault Ste. Marie CAN"]
[Date "2017.07.10"]
[Round "7"]
[White "Li, Gabriel"]
[Black "Georgescu-Nicolau, Luca"]
[Result "1-0"]
[WhiteElo "813"]
[BlackElo "877"]
[WhiteFideId "-1"]
[WhiteFideId "-1"]
[PlyCount "73"]
[GameId "2160767908344461"]
[EventDate "2017.07.06"]
[EventType "swiss"]
[EventRounds "7"]
[EventCountry "CAN"]
[SourceTitle "EXT 2022"]
[Source "ChessBase"]
[SourceDate "2021.10.06"]
[SourceVersion "1"]
[SourceVersionDate "2021.10.06"]
[SourceQuality "1"]

1. e4 e5 2. Nf3 Nc6 3. Bc4 h6 4. Nc3 Nf6 5. d4 exd4 6. Nxd4 Bc5 7. Be3 d6 8. Bb5 Bd7 9. Bc4 Ng4 10. Nxc6 Nxe3 11. Qh5 Qf6 12. e5 dxe5 13. fxe3 Bxc6 14. Rf1 g6 15. Bxf7+ Qxf7 16. Qxe5+ Qe7 17. Qxh8+ Kd7 18. Qxa8 Qxe3+ 19. Ne2 Bb5 20. Rd1+ Kc6 21. Rf6+ Bd6 22. Rfxd6+ cxd6 23. Qc8+ Kb6 24. Rxd6+ Ka5 25. Qc3+ Qxc3+ 26. Nxc3 Bc4 27. Rxg6 Bb5 28. Nxb5 Kxb5 29. Rxh6 Kc4 30. g4 b5 31. g5 b4 32. g6 b3 33. axb3+ Kb4 34. g7 a5 35. g8=Q a4 36. Qc4+ Ka5 37. Qxa4# 1-0

[Event "CYCC U08"]
[Site "Sault Ste. Marie CAN"]
[Date "2017.07.10"]
[Round "7"]
[White "Mane, Arnav"]
[Black "Bai, Kingsley"]
[Result "1-0"]
[WhiteElo "829"]
[BlackElo "652"]
[WhiteFideId "-1"]
[WhiteFideId "-1"]
[PlyCount "69"]
[GameId "2160767908344462"]
[EventDate "2017.07.06"]
[EventType "swiss"]
[EventRounds "7"]
[EventCountry "CAN"]
[SourceTitle "EXT 2022"]
[Source "ChessBase"]
[SourceDate "2021.10.06"]
[SourceVersion "1"]
[SourceVersionDate "2021.10.06"]
[SourceQuality "1"]

1. e4 e6 2. d4 d5 3. Nc3 dxe4 4. Nxe4 Nd7 5. Nf3 Ngf6 6. Nc3 Bd6 7. Be3 O-O 8. Bd3 Re8 9. O-O c6 10. Bg5 Bb8 11. Re1 Qc7 12. h3 b6 13. Ne4 Nxe4 14. Bxe4 f5 15. Bxf5 Rf8 16. Bxe6+ Kh8 17. Be7 Re8 18. Bf7 Bb7 19. Bxe8 c5 20. d5 Nf6 21. Bxf6 gxf6 22. Bh5 Kg7 23. g3 Qd6 24. Nh4 Bc8 25. Bg4 Bxg4 26. Qxg4+ Kf7 27. Nf5 Qf8 28. Re7+ Qxe7 29. Nxe7 Kxe7 30. Re1+ Kd6 31. Qe6+ Kc7 32. Qe7+ Kc8 33. Qe8+ Kc7 34. Re7+ Kd6 35. Qd7# 1-0

[Event "CYCC U08"]
[Site "Sault Ste. Marie CAN"]
[Date "2017.07.10"]
[Round "7"]
[White "Song, Ethan"]
[Black "Yang, Jingyun (Ryan)"]
[Result "0-1"]
[WhiteElo "1315"]
[BlackElo "1267"]
[WhiteFideId "-1"]
[WhiteFideId "-1"]
[PlyCount "116"]
[GameId "2160767908344465"]
[EventDate "2017.07.06"]
[EventType "swiss"]
[EventRounds "7"]
[EventCountry "CAN"]
[SourceTitle "EXT 2022"]
[Source "ChessBase"]
[SourceDate "2021.10.06"]
[SourceVersion "1"]
[SourceVersionDate "2021.10.06"]
[SourceQuality "1"]

1. c4 d6 2. Nc3 Nf6 3. g3 e6 4. Bg2 d5 5. cxd5 exd5 6. d4 c6 7. Bg5 Be7 8. e3 Qb6 9. Qd2 Bf5 10. Bxf6 Bxf6 11. h3 Na6 12. g4 Bg6 13. a3 Qb3 14. f4 Bh4+ 15. Kf1 Qc4+ 16. Nce2 Bd3 17. Rc1 Bxe2+ 18. Nxe2 Qb5 19. Kg1 O-O 20. Nc3 Qa5 21. b4 Qxa3 22. b5 cxb5 23. Bxd5 Nc7 24. Nb1 Qd6 25. Bxb7 Rab8 26. Be4 Qe7 27. Bf3 Rfe8 28. e4 Rbd8 29. Qc3 Ne6 30. f5 Nxd4 31. Nd2 Bg5 32. Kg2 Bxd2 33. Qxd2 Nxf3 34. Qe3 Ne5 35. Rhd1 Nc4 36. Qf3 Qb4 37. Rb1 Rd2+ 38. Kf1 Rxd1+ 39. Rxd1 Nd2+ 40. Rxd2 Qxd2 41. f6 Rc8 42. Qe2 Rc1+ 43. Kf2 Qxe2+ 44. Kxe2 b4 45. Kd2 Rc8 46. fxg7 b3 47. e5 b2 48. e6 b1=Q 49. g5 Rc2+ 50. Ke3 Qb3+ 51. Kf4 Rc4+ 52. Ke5 Qb5+ 53. Kf6 Rf4+ 54. Ke7 a5 55. h4 Qb7+ 56. Ke8 fxe6 57. g6 Kxg7 58. gxh7 Rf8# 0-1

[Event "CYCC U08"]
[Site "Sault Ste. Marie CAN"]
[Date "2017.07.10"]
[Round "7"]
[White "Wang, Arthur D"]
[Black "Ksenych, Drew"]
[Result "0-1"]
[WhiteElo "634"]
[BlackElo "954"]
[WhiteFideId "-1"]
[WhiteFideId "-1"]
[PlyCount "98"]
[GameId "2160767908344466"]
[EventDate "2017.07.06"]
[EventType "swiss"]
[EventRounds "7"]
[EventCountry "CAN"]
[SourceTitle "EXT 2022"]
[Source "ChessBase"]
[SourceDate "2021.10.06"]
[SourceVersion "1"]
[SourceVersionDate "2021.10.06"]
[SourceQuality "1"]

1. e4 d5 2. Nc3 d4 3. Nce2 e5 4. Nf3 Nc6 5. d3 Bd6 6. Bg5 Nf6 7. g3 h6 8. Bd2 Be6 9. Bg2 Qe7 10. c3 dxc3 11. Nxc3 O-O-O 12. Qc2 a6 13. O-O-O Rhe8 14. Rhf1 Rd7 15. Rde1 Red8 16. Kb1 Bc5 17. a3 Rxd3 18. Rd1 Ng4 19. h3 Nxf2 20. Rde1 g5 21. Re2 g4 22. hxg4 Nxg4 23. Na4 Ba7 24. Bh3 Ne3 25. Bxe6+ Qxe6 26. Bxe3 Bxe3 27. Nc5 Bxc5 28. Qxc5 Qg4 29. Qf2 f5 30. exf5 Qxf5 31. g4 Qg6 32. Nxe5 Nxe5 33. Rxe5 Rf3+ 34. Rf5 Rxf2 35. R1xf2 Qxg4 36. R2f4 Qg1+ 37. Rf1 Rd1+ 38. Rxd1 Qxd1+ 39. Ka2 Kb8 40. b4 Qc2+ 41. Ka1 Qxf5 42. Ka2 h5 43. Kb2 h4 44. Kc1 h3 45. Kd1 h2 46. Ke1 h1=Q+ 47. Ke2 Qff3+ 48. Kd2 Qh2+ 49. Ke1 Qfh1# 0-1

[Event "CYCC U08"]
[Site "Sault Ste. Marie CAN"]
[Date "2017.07.10"]
[Round "7"]
[White "Wang, Richard2"]
[Black "Deng, Henry"]
[Result "1-0"]
[WhiteElo "1008"]
[BlackElo "1014"]
[WhiteFideId "-1"]
[WhiteFideId "-1"]
[PlyCount "78"]
[GameId "2160767908344467"]
[EventDate "2017.07.06"]
[EventType "swiss"]
[EventRounds "7"]
[EventCountry "CAN"]
[SourceTitle "EXT 2022"]
[Source "ChessBase"]
[SourceDate "2021.10.06"]
[SourceVersion "1"]
[SourceVersionDate "2021.10.06"]
[SourceQuality "1"]

1. d4 d5 2. c4 c6 3. Nc3 e6 4. e3 Nf6 5. Bd3 Bd6 6. Nf3 O-O 7. O-O Nbd7 8. c5 Bc7 9. a3 a6 10. Bd2 Qe7 11. Rb1 b5 12. b4 Bb7 13. Re1 Rae8 14. Qc2 g6 15. h3 Nh5 16. e4 dxe4 17. Bxe4 Ndf6 18. Bh6 Bf4 19. Bxf8 Rxf8 20. Ne5 Bxe5 21. dxe5 Nxe4 22. Qxe4 Qd7 23. Rbd1 Qe7 24. a4 bxa4 25. Nxa4 a5 26. bxa5 Ba6 27. Qxc6 Bc4 28. Rd4 Bb3 29. Rc1 Bxa4 30. Qxa4 Rd8 31. Rxd8+ Qxd8 32. a6 Qg5 33. a7 Nf4 34. Qxf4 Qxf4 35. a8=Q+ Kg7 36. Qa1 Qxc1+ 37. Qxc1 f6 38. exf6+ Kxf6 39. c6 h5 1-0

[Event "CYCC U08"]
[Site "Sault Ste. Marie CAN"]
[Date "2017.07.10"]
[Round "7"]
[White "Xu, Alex"]
[Black "Pugach, Daniel"]
[Result "1-0"]
[WhiteElo "881"]
[BlackElo "748"]
[WhiteFideId "-1"]
[WhiteFideId "-1"]
[PlyCount "113"]
[GameId "2160767908344468"]
[EventDate "2017.07.06"]
[EventType "swiss"]
[EventRounds "7"]
[EventCountry "CAN"]
[SourceTitle "EXT 2022"]
[Source "ChessBase"]
[SourceDate "2021.10.06"]
[SourceVersion "1"]
[SourceVersionDate "2021.10.06"]
[SourceQuality "1"]

1. e4 c5 2. Nf3 d6 3. d4 cxd4 4. Nxd4 Nf6 5. Nc3 e6 6. Be3 Be7 7. Bd3 O-O 8. O-O a6 9. a4 Qc7 10. Qd2 Rd8 11. Rfe1 d5 12. exd5 exd5 13. Bf4 Bd6 14. Bxd6 Qxd6 15. h3 Nc6 16. Nxc6 Qxc6 17. Rad1 Re8 18. Re2 Rxe2 19. Qxe2 b6 20. Re1 Bb7 21. f3 Re8 22. Qf2 d4 23. Ne4 Nxe4 24. Bxe4 Qe6 25. Bxh7+ Kxh7 26. Rxe6 Rxe6 27. Qxd4 Re1+ 28. Kf2 Re6 29. Qd7 Bc6 30. Qxf7 Bd5 31. Qh5+ Rh6 32. Qxd5 a5 33. g3 g6 34. h4 Rh5 35. Qf7+ Kh6 36. Qf6 Kh7 37. Qxb6 Kh8 38. c4 Kg7 39. c5 g5 40. hxg5 Rxg5 41. Qxa5 Rd5 42. b4 Rd2+ 43. Ke3 Rd5 44. c6 Rxa5 45. bxa5 Kg6 46. c7 Kg5 47. c8=Q Kg6 48. Qc5 Kf6 49. Qd5 Ke7 50. Qc6 Kd8 51. Qb7 Ke8 52. Qc7 Kf8 53. Qd7 Kg8 54. Qe7 Kh8 55. Kf4 Kg8 56. Kg5 Kh8 57. Kg6 1-0

[Event "CYCC U08 w"]
[Site "Sault Ste-Marie CAN"]
[Date "2017.07.06"]
[Round "1"]
[White "Gao, Lucy"]
[Black "Chen, Alina Yuexi"]
[Result "1-0"]
[WhiteElo "1167"]
[BlackElo "670"]
[WhiteFideId "-1"]
[WhiteFideId "-1"]
[PlyCount "89"]
[GameId "2160767908344470"]
[EventDate "2017.07.06"]
[EventType "swiss"]
[EventRounds "9"]
[EventCountry "CAN"]
[SourceTitle "EXT 2022"]
[Source "ChessBase"]
[SourceDate "2021.10.06"]
[SourceVersion "1"]
[SourceVersionDate "2021.10.06"]
[SourceQuality "1"]

1. e4 e5 2. Nf3 Nc6 3. Bc4 Bc5 4. c3 Nf6 5. d3 h6 6. O-O O-O 7. Re1 d6 8. Nbd2 Bg4 9. Nf1 Re8 10. Ng3 Qe7 11. h3 Bh5 12. Nxh5 Nxh5 13. d4 exd4 14. cxd4 Nb4 15. dxc5 dxc5 16. Qb3 Rad8 17. a3 Nc6 18. Qxb7 Nb8 19. Bb5 Rf8 20. Qxa7 Nd7 21. Qxc7 Rfe8 22. Be3 Nhf6 23. Bf4 Rc8 24. Qd6 Qxd6 25. Bxd6 Nb6 26. Bxe8 Nxe8 27. Bg3 Nf6 28. Rac1 Na4 29. b4 Nb2 30. Re3 Na4 31. bxc5 Nxc5 32. Rec3 Nfd7 33. Bd6 Rc6 34. Bxc5 Nxc5 35. Rxc5 Rxc5 36. Rxc5 Kf8 37. Rc7 Ke8 38. a4 Kd8 39. Rc5 Kd7 40. a5 Kd6 41. a6 Kd7 42. a7 Kd8 43. a8=Q+ Kd7 44. Qb7+ Kd8 45. Rc8# 1-0

[Event "CYCC U08 w"]
[Site "Sault Ste-Marie CAN"]
[Date "2017.07.06"]
[Round "1"]
[White "Li, Daniella"]
[Black "Zhuang, Winnie"]
[Result "0-1"]
[WhiteElo "648"]
[BlackElo "1082"]
[WhiteFideId "-1"]
[WhiteFideId "-1"]
[PlyCount "64"]
[GameId "2160767908344471"]
[EventDate "2017.07.06"]
[EventType "swiss"]
[EventRounds "9"]
[EventCountry "CAN"]
[SourceTitle "EXT 2022"]
[Source "ChessBase"]
[SourceDate "2021.10.06"]
[SourceVersion "1"]
[SourceVersionDate "2021.10.06"]
[SourceQuality "1"]

1. e4 c5 2. Nf3 d6 3. Bc4 e6 4. O-O Nf6 5. Re1 Be7 6. d3 O-O 7. Bf4 a6 8. Nc3 b5 9. Bb3 Bb7 10. Bg3 d5 11. a4 b4 12. Ne2 dxe4 13. dxe4 Qxd1 14. Raxd1 Bxe4 15. Nf4 Bf5 16. Nd5 exd5 17. Rxe7 c4 18. Bxc4 dxc4 19. c3 bxc3 20. bxc3 Ne4 21. Be5 Nc6 22. Rd5 Nxe5 23. Rdxe5 Rfd8 24. g3 Bg4 25. Nh4 Nxc3 26. f3 Bh3 27. Rc5 Rd1+ 28. Kf2 Rf1+ 29. Ke3 Re1+ 30. Kf4 Rxe7 31. Rxc4 h6 32. Rxc3 g5# 0-1

[Event "CYCC U08 w"]
[Site "Sault Ste-Marie CAN"]
[Date "2017.07.06"]
[Round "1"]
[White "Ma, Lily"]
[Black "Liao, Jocelyn"]
[Result "1-0"]
[WhiteElo "820"]
[BlackElo "402"]
[WhiteFideId "-1"]
[WhiteFideId "-1"]
[PlyCount "33"]
[GameId "2160767908344472"]
[EventDate "2017.07.06"]
[EventType "swiss"]
[EventRounds "9"]
[EventCountry "CAN"]
[SourceTitle "EXT 2022"]
[Source "ChessBase"]
[SourceDate "2021.10.06"]
[SourceVersion "1"]
[SourceVersionDate "2021.10.06"]
[SourceQuality "1"]

1. e4 e5 2. Nf3 Nc6 3. Bc4 Bc5 4. c3 Nf6 5. d4 exd4 6. cxd4 Nxe4 7. dxc5 Nxc5 8. O-O O-O 9. Nc3 a6 10. Re1 Re8 11. Bg5 Re7 12. Bxe7 Qe8 13. Bxc5 Qd8 14. Qd5 d6 15. Qxf7+ Kh8 16. Re8+ Qxe8 17. Qxe8# 1-0

[Event "CYCC U08 w"]
[Site "Sault Ste-Marie CAN"]
[Date "2017.07.06"]
[Round "2"]
[White "Jin, Helena"]
[Black "Gao, Lucy"]
[Result "1/2-1/2"]
[WhiteElo "790"]
[BlackElo "1167"]
[WhiteFideId "-1"]
[WhiteFideId "-1"]
[PlyCount "73"]
[GameId "2160767908344475"]
[EventDate "2017.07.06"]
[EventType "swiss"]
[EventRounds "9"]
[EventCountry "CAN"]
[SourceTitle "EXT 2022"]
[Source "ChessBase"]
[SourceDate "2021.10.06"]
[SourceVersion "1"]
[SourceVersionDate "2021.10.06"]
[SourceQuality "1"]

1. e4 e5 2. Nf3 Nc6 3. Nc3 Nf6 4. Bc4 Nxe4 5. Nxe4 d5 6. Bb5 dxe4 7. Nxe5 Bd7 8. Nxc6 Bxc6 9. Bxc6+ bxc6 10. d3 exd3 11. Qxd3 Bb4+ 12. Bd2 Bxd2+ 13. Qxd2 Qd5 14. Qxd5 cxd5 15. O-O O-O 16. Rad1 c6 17. b3 Rfe8 18. Rfe1 h6 19. Rxe8+ Rxe8 20. h3 Re2 21. Rc1 c5 22. Kf1 Re5 23. Re1 f6 24. f4 Rf5 25. g3 g5 26. Re8+ Kf7 27. Ra8 gxf4 28. Rxa7+ Kg6 29. g4 Re5 30. Rc7 d4 31. a4 Kg5 32. a5 c4 33. Rxc4 Rxa5 34. Rxd4 Ra1+ 35. Kf2 Ra2 36. Rc4 Kh4 37. Kf3 1/2-1/2

[Event "CYCC U08 w"]
[Site "Sault Ste-Marie CAN"]
[Date "2017.07.06"]
[Round "2"]
[White "Liao, Jocelyn"]
[Black "Li, Daniella"]
[Result "1/2-1/2"]
[WhiteElo "402"]
[BlackElo "648"]
[WhiteFideId "-1"]
[WhiteFideId "-1"]
[PlyCount "42"]
[GameId "2160767908344476"]
[EventDate "2017.07.06"]
[EventType "swiss"]
[EventRounds "9"]
[EventCountry "CAN"]
[SourceTitle "EXT 2022"]
[Source "ChessBase"]
[SourceDate "2021.10.06"]
[SourceVersion "1"]
[SourceVersionDate "2021.10.06"]
[SourceQuality "1"]

1. e4 e5 2. Nf3 Nc6 3. Bc4 Nf6 4. Nc3 Bc5 5. Nxe5 Nxe5 6. d4 Bd6 7. dxe5 Bxe5 8. O-O Nxe4 9. Nxe4 d5 10. Bxd5 c6 11. Bg5 Qd7 12. Nc3 cxd5 13. Nxd5 Qf5 14. Be3 O-O 15. Ne7+ Kh8 16. Nxf5 Re8 17. Ng3 Bxg3 18. hxg3 Kg8 19. Bc5 b6 20. Bb4 a5 21. Bc3 h6 1/2-1/2

[Event "CYCC U08 w"]
[Site "Sault Ste-Marie CAN"]
[Date "2017.07.06"]
[Round "2"]
[White "Zhuang, Winnie"]
[Black "Ran, Alice"]
[Result "1-0"]
[WhiteElo "1082"]
[BlackElo "690"]
[WhiteFideId "-1"]
[WhiteFideId "-1"]
[PlyCount "113"]
[GameId "2160767908344478"]
[EventDate "2017.07.06"]
[EventType "swiss"]
[EventRounds "9"]
[EventCountry "CAN"]
[SourceTitle "EXT 2022"]
[Source "ChessBase"]
[SourceDate "2021.10.06"]
[SourceVersion "1"]
[SourceVersionDate "2021.10.06"]
[SourceQuality "1"]

1. e4 e5 2. Nf3 Nc6 3. Bb5 a6 4. Ba4 Nf6 5. O-O Bc5 6. Nc3 d6 7. h3 Be6 8. d3 h6 9. Ne2 Bb6 10. Ng3 O-O 11. c3 Ne7 12. d4 Ng6 13. Qe2 Ba5 14. Rd1 Qe7 15. Bc2 b5 16. Nf5 Bxf5 17. exf5 exd4 18. Qd3 Ne5 19. Nxe5 Qxe5 20. cxd4 Qd5 21. Bb3 Qe4 22. Qxe4 Nxe4 23. Bd5 Rae8 24. Bc6 Re7 25. a3 Nf6 26. Bb7 Re1+ 27. Rxe1 Bxe1 28. Bxa6 c6 29. Bxh6 Ba5 30. Bf4 d5 31. Bb7 Re8 32. Bxc6 Re1+ 33. Rxe1 Bxe1 34. Bxb5 Ba5 35. b4 Bb6 36. Be5 Kh7 37. a4 Ne4 38. a5 Ba7 39. Bc6 f6 40. Bxd5 Ng5 41. Bf4 Bxd4 42. b5 Bc5 43. Be3 Bxe3 44. fxe3 g6 45. fxg6+ Kxg6 46. b6 Kf5 47. b7 Ke5 48. b8=Q+ Kxd5 49. a6 Ne6 50. a7 Ke4 51. a8=Q+ Kd3 52. Qb4 Nc5 53. Qaa3+ Nb3 54. Qaxb3+ Ke2 55. Q4c4+ Ke1 56. Qcc2 f5 57. Qbb1# 1-0

[Event "CYCC U08 w"]
[Site "Sault Ste-Marie CAN"]
[Date "2017.07.07"]
[Round "3"]
[White "Ma, Lily"]
[Black "Zhuang, Winnie"]
[Result "1-0"]
[WhiteElo "820"]
[BlackElo "1082"]
[WhiteFideId "-1"]
[WhiteFideId "-1"]
[PlyCount "57"]
[GameId "2160767908344482"]
[EventDate "2017.07.06"]
[EventType "swiss"]
[EventRounds "9"]
[EventCountry "CAN"]
[SourceTitle "EXT 2022"]
[Source "ChessBase"]
[SourceDate "2021.10.06"]
[SourceVersion "1"]
[SourceVersionDate "2021.10.06"]
[SourceQuality "1"]

1. e4 c5 2. Nc3 Nc6 3. g3 g6 4. Bg2 Bg7 5. d3 d6 6. Be3 Nf6 7. h3 e6 8. Qd2 Bd7 9. Bh6 Bxh6 10. Qxh6 Qe7 11. Nge2 Nb4 12. Rc1 Bc6 13. O-O Nh5 14. a3 Na6 15. d4 O-O-O 16. Rfe1 b6 17. d5 Be8 18. g4 Nf6 19. g5 Nh5 20. Ng3 Nxg3 21. fxg3 Bd7 22. e5 dxe5 23. Rxe5 Qd6 24. Qg7 Rhg8 25. Qf6 Rdf8 26. Rd1 Qc7 27. d6 Qd8 28. Qf3 Nb8 29. Qb7# 1-0

[Event "CYCC U08 w"]
[Site "Sault Ste-Marie CAN"]
[Date "2017.07.07"]
[Round "3"]
[White "Ran, Alice"]
[Black "Jin, Helena"]
[Result "0-1"]
[WhiteElo "690"]
[BlackElo "790"]
[WhiteFideId "-1"]
[WhiteFideId "-1"]
[PlyCount "108"]
[GameId "2160767908344483"]
[EventDate "2017.07.06"]
[EventType "swiss"]
[EventRounds "9"]
[EventCountry "CAN"]
[SourceTitle "EXT 2022"]
[Source "ChessBase"]
[SourceDate "2021.10.06"]
[SourceVersion "1"]
[SourceVersionDate "2021.10.06"]
[SourceQuality "1"]

1. e4 e5 2. Nf3 Nc6 3. Nc3 Nf6 4. Bb5 d6 5. Bxc6+ bxc6 6. d4 exd4 7. Nxd4 Bd7 8. Bg5 Be7 9. Bxf6 Bxf6 10. O-O O-O 11. Nf3 Bxc3 12. bxc3 Be6 13. Qe2 Re8 14. Rfd1 d5 15. Ne5 Qf6 16. Nxc6 Qxc3 17. exd5 Bxd5 18. Qh5 Bxc6 19. Qg4 Qf6 20. Rd2 Qg6 21. Qxg6 hxg6 22. g3 Rad8 23. Rxd8 Rxd8 24. a4 Be4 25. c4 Bf3 26. a5 Rd1+ 27. Rxd1 Bxd1 28. c5 Kf8 29. Kg2 Ke7 30. h4 Kd7 31. Kh3 Kc6 32. f4 Kxc5 33. g4 Kd6 34. f5 gxf5 35. gxf5 f6 36. Kg3 Ke5 37. a6 Kxf5 38. Kh3 c5 39. Kg3 c4 40. Kf2 c3 41. Ke1 c2 42. Kd2 Kg4 43. h5 Kxh5 44. Kc1 g5 45. Kd2 g4 46. Kc1 g3 47. Kb2 g2 48. Kc1 g1=Q 49. Kb2 Qb6+ 50. Kc1 Qxa6 51. Kd2 Qe2+ 52. Kc1 Qe3+ 53. Kb2 c1=Q+ 54. Ka2 Qea3# 0-1

[Event "CYCC U08 w"]
[Site "Sault Ste-Marie CAN"]
[Date "2017.07.07"]
[Round "4"]
[White "Chen, Alina Yuexi"]
[Black "Li, Daniella"]
[Result "1-0"]
[WhiteElo "670"]
[BlackElo "648"]
[WhiteFideId "-1"]
[WhiteFideId "-1"]
[PlyCount "57"]
[GameId "2160767908344484"]
[EventDate "2017.07.06"]
[EventType "swiss"]
[EventRounds "9"]
[EventCountry "CAN"]
[SourceTitle "EXT 2022"]
[Source "ChessBase"]
[SourceDate "2021.10.06"]
[SourceVersion "1"]
[SourceVersionDate "2021.10.06"]
[SourceQuality "1"]

1. e4 e5 2. Nf3 Nc6 3. Bc4 Nf6 4. Nc3 Bc5 5. O-O O-O 6. d3 d6 7. h3 Bd7 8. Bg5 h6 9. Bh4 Qe7 10. Nd5 Qd8 11. Re1 Qc8 12. Nxf6+ Kh8 13. Nh5 Kg8 14. c3 a6 15. d4 d5 16. exd5 b5 17. Bb3 Na5 18. dxc5 Nxb3 19. axb3 c6 20. dxc6 Bxc6 21. Rxe5 Re8 22. Rxe8+ Qxe8 23. Nd4 Rd8 24. Qg4 g5 25. Nxc6 Qxc6 26. Bxg5 hxg5 27. Qxg5+ Kf8 28. Re1 Re8 29. Qg7# 1-0

[Event "CYCC U08 w"]
[Site "Sault Ste-Marie CAN"]
[Date "2017.07.07"]
[Round "4"]
[White "Jin, Helena"]
[Black "Ma, Lily"]
[Result "0-1"]
[WhiteElo "790"]
[BlackElo "820"]
[WhiteFideId "-1"]
[WhiteFideId "-1"]
[PlyCount "94"]
[GameId "2160767908344485"]
[EventDate "2017.07.06"]
[EventType "swiss"]
[EventRounds "9"]
[EventCountry "CAN"]
[SourceTitle "EXT 2022"]
[Source "ChessBase"]
[SourceDate "2021.10.06"]
[SourceVersion "1"]
[SourceVersionDate "2021.10.06"]
[SourceQuality "1"]

1. e4 e5 2. Nf3 Nc6 3. Nc3 Nf6 4. Bb5 Bb4 5. Bxc6 dxc6 6. d3 Bg4 7. h3 Bh5 8. g4 Bg6 9. Bd2 Qd6 10. h4 h6 11. a3 Bc5 12. Qe2 Nxg4 13. Rg1 Bxf2+ 14. Kf1 Bxg1 15. Kxg1 O-O-O 16. Qf1 f5 17. Rd1 fxe4 18. dxe4 Qe6 19. Qh3 h5 20. Ng5 Qf6 21. Be3 Rxd1+ 22. Nxd1 Kb8 23. Qf1 Qxf1+ 24. Kxf1 Rd8 25. Nc3 Nxe3+ 26. Ke2 Nxc2 27. Ne6 Nd4+ 28. Nxd4 Rxd4 29. Ke3 Kc8 30. b3 b5 31. b4 Kb7 32. Kf3 Rd3+ 33. Ke2 Rxc3 34. Kd2 Rxa3 35. Kc2 Rh3 36. Kd2 Rxh4 37. Ke2 Rf4 38. Kd2 h4 39. Ke2 h3 40. Ke3 Rf8 41. Ke2 h2 42. Ke3 h1=Q 43. Kd3 Qxe4+ 44. Kd2 Rf2+ 45. Kc3 Rf3+ 46. Kb2 Qe2+ 47. Kc1 Rf1# 0-1

[Event "CYCC U08 w"]
[Site "Sault Ste-Marie CAN"]
[Date "2017.07.08"]
[Round "5"]
[White "Ma, Lily"]
[Black "Gao, Lucy"]
[Result "0-1"]
[WhiteElo "820"]
[BlackElo "1167"]
[WhiteFideId "-1"]
[WhiteFideId "-1"]
[PlyCount "108"]
[GameId "2160767908344492"]
[EventDate "2017.07.06"]
[EventType "swiss"]
[EventRounds "9"]
[EventCountry "CAN"]
[SourceTitle "EXT 2022"]
[Source "ChessBase"]
[SourceDate "2021.10.06"]
[SourceVersion "1"]
[SourceVersionDate "2021.10.06"]
[SourceQuality "1"]

1. e4 e5 2. Nf3 Nc6 3. Bc4 Bc5 4. c3 Nf6 5. d4 exd4 6. cxd4 Bb4+ 7. Nc3 Nxe4 8. O-O Bxc3 9. d5 Ne5 10. bxc3 Nxc4 11. Qd4 Ncd6 12. Qxg7 Qf6 13. Bh6 Qxg7 14. Bxg7 Rg8 15. Be5 f6 16. Bxd6 Nxd6 17. Rfe1+ Kf7 18. Re2 b6 19. Rae1 Re8 20. h4 Rxe2 21. Rxe2 Ba6 22. Rd2 Ne4 23. Rc2 Bc4 24. g4 Bxd5 25. g5 fxg5 26. hxg5 d6 27. c4 Bb7 28. Kh2 Kg6 29. Kh3 Nxg5+ 30. Nxg5 Kxg5 31. Kg3 Rf8 32. Re2 Rf3+ 33. Kh2 Kf6 34. Kg1 h5 35. Re8 Kf7 36. Rh8 Rh3 37. Kf1 Kg7 38. Re8 Bf3 39. Re7+ Kf6 40. Ke1 Kxe7 41. Kd2 h4 42. a4 Rh1 43. Ke3 Rg1 44. a5 h3 45. c5 h2 46. Kd4 dxc5+ 47. Ke5 h1=Q 48. Kf4 Rg4+ 49. Ke3 Qe1+ 50. Kd3 Rd4+ 51. Kc2 Qd1+ 52. Kb2 Qd2+ 53. Kb3 Rb4+ 54. Ka3 Qb2# 0-1

[Event "CYCC U08 w"]
[Site "Sault Ste-Marie CAN"]
[Date "2017.07.08"]
[Round "5"]
[White "Zhuang, Winnie"]
[Black "Jin, Helena"]
[Result "1-0"]
[WhiteElo "1082"]
[BlackElo "790"]
[WhiteFideId "-1"]
[WhiteFideId "-1"]
[PlyCount "103"]
[GameId "2160767908344493"]
[EventDate "2017.07.06"]
[EventType "swiss"]
[EventRounds "9"]
[EventCountry "CAN"]
[SourceTitle "EXT 2022"]
[Source "ChessBase"]
[SourceDate "2021.10.06"]
[SourceVersion "1"]
[SourceVersionDate "2021.10.06"]
[SourceQuality "1"]

1. e4 c5 2. c3 Nc6 3. d4 d6 4. Nf3 Nf6 5. Nbd2 Bg4 6. Bd3 cxd4 7. cxd4 Nxd4 8. Qa4+ Nc6 9. Nd4 Qd7 10. Bb5 Rc8 11. f3 Bh5 12. N2b3 a6 13. Bxc6 bxc6 14. Qxa6 c5 15. Nf5 e6 16. Ng3 Qc6 17. Qxc6+ Rxc6 18. Nd2 Be7 19. a4 O-O 20. b3 Ra6 21. O-O Re8 22. Bb2 h6 23. Bxf6 Bxf6 24. Ra2 d5 25. Rd1 Rd8 26. Nxh5 Bg5 27. Raa1 dxe4 28. Nxe4 Rxd1+ 29. Rxd1 Be7 30. Rc1 Rc6 31. b4 Ra6 32. Nxc5 Bxc5+ 33. bxc5 Rxa4 34. c6 Ra8 35. c7 Rc8 36. Ng3 Kf8 37. Ne4 Ke7 38. Nc3 Rxc7 39. Nd5+ exd5 40. Rxc7+ Ke6 41. Kf2 Ke5 42. Rxf7 Kd4 43. Ke2 Kc3 44. Rd7 Kc4 45. f4 Kc3 46. f5 Kc4 47. f6 Kc3 48. f7 Kc4 49. f8=Q Kc3 50. Qc8+ Kb4 51. Rb7+ Ka5 52. Qa8# 1-0

[Event "CYCC U08 w"]
[Site "Sault Ste-Marie CAN"]
[Date "2017.07.09"]
[Round "6"]
[White "Chen, Alina Yuexi"]
[Black "Ma, Lily"]
[Result "0-1"]
[WhiteElo "670"]
[BlackElo "820"]
[WhiteFideId "-1"]
[WhiteFideId "-1"]
[PlyCount "44"]
[GameId "2160767908344494"]
[EventDate "2017.07.06"]
[EventType "swiss"]
[EventRounds "9"]
[EventCountry "CAN"]
[SourceTitle "EXT 2022"]
[Source "ChessBase"]
[SourceDate "2021.10.06"]
[SourceVersion "1"]
[SourceVersionDate "2021.10.06"]
[SourceQuality "1"]

1. e4 e5 2. Nf3 Nc6 3. Bc4 Nf6 4. Nc3 Nxe4 5. Nxe4 d5 6. Bd3 dxe4 7. Bxe4 Bg4 8. c3 f5 9. Bc2 e4 10. h3 Bh5 11. g4 fxg4 12. hxg4 Bxg4 13. Qe2 Bxf3 14. Qb5 Bxh1 15. Qxb7 e3 16. Qxc6+ Bxc6 17. dxe3 Qh4 18. Bd3 Qh1+ 19. Bf1 Bb5 20. Kd2 Qxf1 21. Kc2 Qd3+ 22. Kb3 Qd1# 0-1